• 首页
  • 本馆介绍
  • 公告通知
  • 最新文献
  • 馆藏检索
  • 电子资源
  • 读者导购
  • 参考咨询
  • 我的图书馆
  • 登录
  • 详细信息显示
  • 放入我的书架
  • 预约/预借图书
  • 作者相关作品
  • 分类相关作品
  • 丛书相关作品
  • 出版社相关作品

书目信息

  • 表格格式
  • 工作单格式
  • 卡片格式
题名:
中国城乡一体化发展报告
    
 
作者: 汝信 , 傅崇兰 主编
分册: 2013  
出版信息: 北京   社会科学文献出版社  2013
页数: 271页
开本: 24cm
丛书名:
单 册:
中图分类: F299.2
科图分类:
主题词: 城乡一体化--发展--研究报告--中国--2013 , 城乡一体化
电子资源:
ISBN: 978-7-5097-5325-5
000 01157nam0 2200277 450
001 519
005 20140909093632.64
010    @a978-7-5097-5325-5@dCNY79.00
100    @a20140111d2013 em y0chiy50 ea
101 0  @achi@deng@eeng
102    @aCN@b110000
105    @ay z 000yy
106    @ar
200 1  @a中国城乡一体化发展报告@AZhong Guo Cheng Xiang Yi Ti Hua Fa Zhan Bao Gao@h2013@dAnnual report on China's[i.e.Chinese] urban-rural integration@h2013@f汝信,付崇兰主编@FRu Xin, Fu Chong Lan Zhu Bian@zeng
210    @a北京@c社会科学文献出版社@d2013
215    @a271页@d24cm
300    @a城乡一体化蓝皮书
330    @a本书分析了2012年全国各地城乡一体化发展的现状和态势,包括城乡一体化理论研究成果、东中西部不同地区的实践经验、小城镇规划案例和城乡一体化实证材料:2012年中国城乡一体化发展大事记等。
510 1  @aAnnual report on China's urban-rural integration@h2013@zeng
606 0  @a城乡一体化@x发展@x研究报告@y中国@z2013
606 0  @a城乡一体化
690    @aF299.2@v5
701  0 @a汝信@ARu Xin@f(1931~)@4主编
701  0 @a傅崇兰@AFu Chong Lan@f(1940~)@4主编
801  0 @aCN@bTANGWEI@c20140603
905    @b0838030-32@dF299.2@e1176@f3
    
    中国城乡一体化发展报告.2013=Annual report on China's[i.e.Chinese] urban-rural integration.2013/汝信,付崇兰主编.-北京:社会科学文献出版社,2013
    271页;24cm
    城乡一体化蓝皮书
    
    ISBN 978-7-5097-5325-5:CNY79.00
    本书分析了2012年全国各地城乡一体化发展的现状和态势,包括城乡一体化理论研究成果、东中西部不同地区的实践经验、小城镇规划案例和城乡一体化实证材料:2012年中国城乡一体化发展大事记等。
●
相关链接 在E读中查询图书 在五车中查询图书 在当当中查询图书 在豆瓣中查询图书


正题名:中国城乡一体化发展报告     索取号:F299.2/1176         预约/预借

序号 登录号 条形码 馆藏地/架位号 状态 备注
1 0838030   208380303   第一样本阅览室/ [索取号:F299.2/1176] 在馆    
2 0838031   208380312   第一借阅区/ [索取号:F299.2/1176] 在馆    
3 0838032   208380321   第一借阅区/ [索取号:F299.2/1176] 在馆    
唐山师范学院图书馆 欢迎您!
大连网信软件有限公司© 版权所有